| 000 | 00890cac a2200277 a 4500 | ||
|---|---|---|---|
| 003 | Co-PeBPM | ||
| 005 | 20250923182132.0 | ||
| 008 | 231129e2000||||ck a||||||||||||| ||spa|| | ||
| 020 | _a9681663276 | ||
| 040 | 0 |
_aCo-PeBPM _bspa _cCo-PeBPM _erda |
|
| 041 | _aspa | ||
| 082 | 0 | 4 |
_a530.12 S333c _222 |
| 100 | 1 |
_aSchifter, Isaac _eautor |
|
| 245 | 1 | 0 |
_aLa ciencia del caos _c/ Isaac Schifter |
| 260 |
_aMéxico _b: Fondo de Cultura Económica _c, 2000 |
||
| 300 |
_a106 páginas _b: Ilustraciones a blanco y negro _c; 21 centímetros |
||
| 500 | _aIncluye índice. | ||
| 504 | _aIncluye bibliografía. | ||
| 650 | 1 | 4 |
_aCaos determinístico _2LEMB |
| 650 | 1 | 4 |
_aFilosofía de la ciencia _2LEMB |
| 650 | 1 | 4 |
_aFilosofía de la física _2LEMB |
| 650 | 1 | 4 |
_aTeoría del caos _2LEMB |
| 650 | 1 | 4 |
_aTeorías _2LEMB |
| 942 |
_2ddc _cBK |
||
| 999 |
_c16625 _d16625 |
||